UNIX Tool Building /

Contenido: Introducción; Repaso de los problemas y sus soluciones; Análisis léxico; Análisis del archivo de control; Compilación y mantenimiento del código; Escritura y eliminación de nuevos errores; Documentación de la escritura; Herramientas estándar útiles de UNIX; Programación de la estructura;...

Whakaahuatanga katoa

I tiakina i:
Ngā taipitopito rārangi puna kōrero
Kaituhi matua: Ingham, Kenneth (autor)
Hōputu: Pukapuka
Reo:Ingarihi
I whakaputaina: San Diego, EUA : Academic Press, 1991, c1991
Ngā marau:
Ngā Tūtohu: Tāpirihia he Tūtohu
Kāore He Tūtohu, Me noho koe te mea tuatahi ki te tūtohu i tēnei pūkete!

MARC

LEADER 00000nam^a2200000^a^4500
001 000181283
005 20250521000000.0
009 20260310101926.066
020 |a 0-12-370830-3 
037 |a Acervo ITESO - Biblioteca 
041 |a ING 
082 |a 005. 43  |b ING 
100 |a Ingham, Kenneth  |e (autor) 
245 1 0 |a UNIX Tool Building /  |c K. Ingham. 
264 4 |a San Diego, EUA :  |b Academic Press,  |c 1991, c1991 
300 |a XIII, 221 p. 
336 |a texto  |b txt  |2 rdacontenido 
337 |a sin mediación  |b n  |2 rdamedio 
338 |a volumen  |b nc  |2 rdasoporte 
520 |a Contenido: Introducción; Repaso de los problemas y sus soluciones; Análisis léxico; Análisis del archivo de control; Compilación y mantenimiento del código; Escritura y eliminación de nuevos errores; Documentación de la escritura; Herramientas estándar útiles de UNIX; Programación de la estructura; Uso de vigilante; Apéndices. 
649 |a XX 
650 |a Sistemas Operativos 
650 |a Sistemas Computacionales 
650 |a Ingeniería Computacional 
910 |a Fondo General 
920 |a Impresos - Libros 
930 |a Colección General 
905 |a 101 
901 |a 0500120776  |b IT1  |c ACC  |u 20250521 
902 |a https://opac.biblio.iteso.mx/vufind/Record/000181283